Majú Európania patent na múdrosť? S Marínou Čarnogurskou o jej prekladoch z čínštiny

Bibliographic Details
Main Authors: Čarnogurská, Marína, 1940- (Author), (ala) (Author)
Format: Article
Language:Slovak
Subjects:

MARC

LEADER 00000nab a2200000 a 4500
001 vtls000397079
003 SK-MaSNL
005 20260303232354.0
008 160215c1990 xo 0 slo
015 |a SNBRB19rr/mm-uuuuu 
035 |a CL0397203 
040 |a SNKBUCL  |b slo  |c SNKBUCL  |e AACR2 
041 0 |a slo 
044 |a xo  |c SK 
080 |a 82.035:895.1  |2 1981 
080 |a 895.1  |2 1981 
080 |a 895.1.035  |2 1981 
080 |a 929 Čarnogurská, Marína  |2 1981 
100 1 |a Čarnogurská, Marína,  |d 1940-  |4 aut  |9 153394 
245 1 0 |a Majú Európania patent na múdrosť?  |b S Marínou Čarnogurskou o jej prekladoch z čínštiny  |c Marína Čarnogurská, (ala) 
600 1 7 |a Čarnogurská, Marína,  |d 1940-  |2 snkbucl  |9 153394 
650 0 7 |a čínska literatúra  |2 snkbucl  |9 1583 
650 0 7 |a čínska filozofia  |2 snkbucl  |9 68051 
650 0 7 |a literárny preklad  |2 snkbucl  |9 28595 
650 0 7 |a odborný preklad  |2 snkbucl  |9 73828 
655 7 |a články z novín a časopisov  |2 snkbucl  |9 267496 
655 7 |a články z odboru literárna veda a krásna literatúra  |2 snkbucl  |9 770045 
700 1 |a (ala)  |4 aut  |9 839056 
773 0 |t Verejnosť  |g Roč. 1, č. 139 (24. 10. 1990), s. 6 
850 |a Slovenská národná knižnica v Martine  |a MTA001 
852 |a SNK  |b KIS3GCP 
958 |a BX 
958 |a RK 
958 |a LX 
992 |a RBX 
999 |c 2271573  |d 2273503